Serge Lama, Bernard Lama, le Dalaï-lama ou un lama ? - Statistiques

Statistiques générales
  • Ce quiz a été pris 371 fois
  • Le résultat moyen est 14 sur 15
Statistiques - réponses
Question Réponse % Correct
A été gardien de but de l'Equipe de France Bernard Lama
98%
Chante "Je suis malade" Serge Lama
98%
Crache pour exprimer son mécontentement Un lama
98%
De son vrai nom Lhamo Dhondup Le Dalaï-lama
97%
A été prix Nobel de la paix Le Dalaï-lama
97%
Est régulièrement confondu avec l'alpaga Un lama
97%
A une durée de vie de 15 à 25 ans Un lama
97%
A chanté en duo avec Carla Bruni Serge Lama
95%
A été champion du monde sans disputer le moindre match Bernard Lama
93%
Est un symbole de paix dans le monde Le Dalaï-lama
93%
A été suspendu pour consommation de drogue Bernard Lama
92%
A reçu une éducation monastique stricte dès l'âge de 2 ans Le Dalaï-lama
92%
Est un compagnon idéal pour un trek en montagne Un lama
92%
Peut attendre les 35 km/h en courant Un lama
87%
Ses parents sont d'origine arménienne Serge Lama
82%
Aucun quiz correspondant
Distribution des résultats
% des personnes avec chaque résultat
Percentile par nombre de réponses
Votre historique - résultats
Vous n’avez pas pris ce quiz